000 01022nam a2200313 4500
003 OSt
005 20260530115304.0
008 260506b nyua|||| |||| 00| 0 eng d
020 _a289370256
020 _a289370132
040 _aICI
_bspa
_cICI
041 _aeng
050 _aNK1520
_bH84
100 1 _aHughes-Stanton, Corin,
_eautor
_931681
245 1 0 _aTransport design /
_cCorín Hughes-Stanton
264 1 _aLondon :
_bStudio Vista ;
_aNew York,
_bReinhold Publishing Corporation
_c[s.f.]
300 _a96 páginas :
_bilustraciones
336 _atexto
_2rdacontent
337 _asin medio
_2rdamedia
338 _avolumen
_2rdacarrier
500 _aObra sobre el diseño industrial aplicado al transporte y vehículos
650 4 _aDiseño de transporte
_931682
650 4 _aVehículos
_xDiseño
_931683
650 4 _aDiseño industrial
_915218
650 _aTransporte
_xAspectos estéticos
_931684
650 _aDiseño de productos
655 _2local
_aEstudios de diseño
_931686
942 _2lcc
_cBK
_n1
999 _c13004
_d13004